| 000 | 00497nam a22001457a 4500 | ||
|---|---|---|---|
| 003 | 0 | ||
| 005 | 20221117090220.0 | ||
| 008 | 221117b xxu||||| |||| 00| 0 eng d | ||
| 050 |
_aM1356 _b.So65 2018 |
||
| 245 |
_aEmma's dilemma : a storybook for the parent's children with social anxiety _cJenina Aliene M. Solon |
||
| 260 |
_aLas Pinas City, Philippines _bSouthville International School and Colleges _cC2018 |
||
| 300 |
_aviii,36pp. _c28cm. _fTheses |
||
| 500 | _aSocial anxiety. | ||
| 942 |
_2lcc _cTH |
||
| 999 |
_c364900 _d364900 |
||